| 000 | 00472nam a22001697a 4500 | ||
|---|---|---|---|
| 005 | 20240216173335.0 | ||
| 008 | 240213b |||||||| |||| 00| 0 eng d | ||
| 020 | _a978-93-93885-80-7 | ||
| 041 | _aEnglish | ||
| 082 | _aMS 610.73677 CLE DB1220 | ||
| 100 |
_aClement I _9119826 |
||
| 245 | _aB.Sc. Nursing IV Semester: Textbook of Adult Health Nursing-II | ||
| 260 |
_bEMMESS Medical Publishers _c2023 _aBangalore |
||
| 300 | _a926p | ||
| 365 | _b950.00 | ||
| 942 | _cDB | ||
| 999 |
_c357080 _d357080 |
||